| 000 | 00793nam a2200253Ia 4500 | ||
|---|---|---|---|
| 003 | OSt | ||
| 005 | 20221005104056.0 | ||
| 006 | a|||||r|||| 00| 0 | ||
| 007 | ta | ||
| 008 | 221004b |||||||| |||| 00| 0 hin d | ||
| 024 | _a24152 | ||
| 037 | _cTextual | ||
| 040 |
_aCRL _cCRL _bhin |
||
| 041 |
_2hin _ahin |
||
| 082 | _aO152,3N64,AK, N4 | ||
| 100 | _aनागर, रातमदयाल | ||
| 245 | 0 | _aअंगूठे के निशान | |
| 246 | _aAangūṭhe ke nishāna | ||
| 260 |
_aदिल्ली _bजीवन ज्योति _c1994 |
||
| 300 |
_a134पृ0 _ccm. |
||
| 650 | _aहिन्दी साहित्य | ||
| 942 |
_hO152,3N64,AK, N4 _cTEXL _2cc |
||
| 999 |
_c1011663 _d1011663 |
||